000 00283nam a2200109Ia 4500
008 200302s9999 xx 000 0 und d
100 _aB. Satyanarayna
245 _aConstruction Planning and Equipment
260 _bStandad Publishers Distributors
260 _c1990
300 _a200 P.,
999 _c1361
_d1361